| 000 | 00949cam a2200289 4500 | ||
|---|---|---|---|
| 001 | 191777 | ||
| 003 | SpMaBN | ||
| 005 | 20240205133645.0 | ||
| 008 | 221011s1999 sp | ||| ||spa | ||
| 016 | 7 |
_abimoBNE20010911483 [ _2SpMaBN] |
|
| 017 |
_aAS 2821-1999 _bOficina Depósito Legal Asturias |
||
| 020 | _a84-95178-47-8 | ||
| 035 | _a(OCoLC)318259125 | ||
| 040 |
_aSpMaBN _bspa _cSpMaBN _erdc |
||
| 080 | _a025.171 | ||
| 100 | 1 |
_aMarsá Vilá, María. _977101 |
|
| 245 | 1 | 3 |
_aEl fondo antiguo en la biblioteca / _cMaría Marsá Vilá. |
| 250 | _a1ª ed. | ||
| 260 |
_aGijón (Asturias) : _bTrea, _c1999. |
||
| 300 |
_a398 p. : _bil. ; _c22 cm. |
||
| 504 | _aBibliografía: p. [391]-398. | ||
| 650 | 7 |
_aBibliotecas- _xColecciones especiales. _9175490 |
|
| 650 | 4 |
_aLibros antiguos- _xCatalogación. _9175495 |
|
| 852 |
_aES-MaACL _jA-15079 _9199059 _b128465 _cDEPO1 _dOlim: 025.171 MAR fon |
||
| 942 | _2udc | ||
| 999 |
_c191777 _d191777 |
||